Synthesis of Al-rich hydrotalcite-like compounds by using the urea hydrolysis reaction-control of size and morphology /

Zapisane w:
Opis bibliograficzny
1. autor: Adachi-Pagano, Mariko.
Kolejni autorzy: Besse, Jean-Pierre., Forano, Claude.
Format: Artykuł
Język:English
Hasła przedmiotowe:
Etykiety: Dodaj etykietę
Nie ma etykietki, Dołącz pierwszą etykiete!
Thư viện lưu trữ: Thư viện Trường Đại học Đà Lạt
LEADER 01006nam a2200313 4500
001 DLU090095587
005 ##20091201
040 # # |a DLU  |b eng 
041 # # |a eng 
044 # # |a us 
100 # # |a Adachi-Pagano, Mariko. 
245 # # |a Synthesis of Al-rich hydrotalcite-like compounds by using the urea hydrolysis reaction-control of size and morphology /  |c Mariko Adachi-Pagano, Claude Forano, Jean-Pierre Besse. 
653 # # |a Hydrates 
653 # # |a Monodispersed particles 
653 # # |a Morphology 
653 # # |a Multi-element compounds 
653 # # |a Particle size 
700 # # |a Besse, Jean-Pierre.  
700 # # |a Forano, Claude. 
773 # # |t Journal of Materials Chemistry  |g Vol. 13, no. 8 (2003), p. 1988-1993 
920 # # |a Phòng Tạp chí -- Trung tâm Thông tin - Thư viện Trường Đại học Đà Lạt 
994 # # |a DLU 
900 # # |a True 
911 # # |a Trương Bảo Trâm Anh 
925 # # |a G 
926 # # |a A 
927 # # |a BB 
980 # # |a Thư viện Trường Đại học Đà Lạt